000 00550nmm a2200169Ia 4500
008 251105s9999||||xx |||||||||||||||||und||
020 _a9788498950250
041 _aspa
100 _aHernández Alonso, César
245 0 _aEstudios lingüísticos del español hablado en América. Vol. I :
_b La oración y sus realizaciones
264 _a[Madrid, España] :
_bVisor Libros,
_c2009
300 _a538 páginas
490 _aVisor Lingüística
650 _aLinguistics
856 _uhttps://public.digitaliapublishing.com/a/27759
942 _cCF
999 _c92112
_d92112